|
|
|
|
| LEADER |
00000nam0a2200000 4500 |
| 001 |
286573 |
| 005 |
20231101235915.0 |
| 020 |
|
|
|a RU
|b 85-43070
|
| 035 |
|
|
|a (RuTPU)RU\TPU\book\310892
|
| 090 |
|
|
|a 286573
|
| 100 |
|
|
|a 20150306d1985 k y0rusy5003 ca
|
| 101 |
0 |
|
|a rus
|
| 102 |
|
|
|a UA
|
| 105 |
|
|
|a a z 001zy
|
| 200 |
1 |
|
|a Расчет железобетонных конструкций при сложных деформациях
|f Н. И. Тимофеев
|
| 210 |
|
|
|a Киев
|c Будiвельник
|d 1985
|
| 215 |
|
|
|a 125 с.
|c ил.
|
| 320 |
|
|
|a Библиогр.: с. 123-124
|
| 606 |
1 |
|
|a Железобетонные конструкции
|2 stltpush
|3 (RuTPU)RU\TPU\subj\10630
|9 37672
|
| 610 |
1 |
|
|a расчет на кручение
|
| 610 |
1 |
|
|a деформации
|
| 610 |
1 |
|
|a железобетонные сооружения
|
| 610 |
1 |
|
|a пространственные сечения
|
| 610 |
1 |
|
|a трещиностойкость
|
| 610 |
1 |
|
|a эффективность
|
| 610 |
1 |
|
|a стержни
|
| 675 |
|
|
|a 624.012.45
|z rus
|v 4
|
| 700 |
|
1 |
|a Тимофеев
|b Н. И.
|g Николай Иванович
|4 070
|
| 801 |
|
0 |
|a RU
|b RuMRKP
|c 19950704
|g psbo
|
| 801 |
|
1 |
|a RU
|b 63413507
|c 20150306
|
| 801 |
|
2 |
|a RU
|b 63413507
|c 20170629
|g RCR
|
| 942 |
|
|
|c BK
|